| 000 | 01612nam a2200325Ia 4500 | ||
|---|---|---|---|
| 001 | ebr10055157 | ||
| 003 | CaPaEBR | ||
| 006 | m u | ||
| 007 | cr cn||||||||| | ||
| 008 | 980512s1990 dcu sb 000 0 eng d | ||
| 010 | _z 90060935 | ||
| 020 | _z0309042429 | ||
| 040 |
_aCaPaEBR _cCaPaEBR |
||
| 035 | _a(OCoLC)70772461 | ||
| 050 | 1 | 4 |
_aRA399.A3 _bC682 1990eb |
| 110 | 2 |
_aCouncil on Health Care Technology (Institute of Medicine). _bCommittee to Improve the National Institutes of Health Consensus Development Program. |
|
| 245 | 1 | 0 |
_aConsensus development at the NIH _h[electronic resource] : _bimproving the program : report of a study / _cby a Committee of the Institute of Medicine, Council on Health Care Technology. |
| 260 |
_aWashington, D.C. : _bNational Academy Press, _c1990. |
||
| 300 | _axii, 81 p. | ||
| 500 | _aPrepared by the Committee to Improve the National Institutes of Health Consensus Development Program, Council on Health Care Technology. | ||
| 504 | _aIncludes bibliographical references. | ||
| 533 |
_aElectronic reproduction. _bPalo Alto, Calif. : _cebrary, _d2009. _nAvailable via World Wide Web. _nAccess may be limited to ebrary affiliated libraries. |
||
| 610 | 2 | 0 | _aNIH Consensus Development Program. |
| 650 | 0 |
_aMedical technology _zUnited States. |
|
| 650 | 0 |
_aTechnology assessment _zUnited States. |
|
| 650 | 0 |
_aMedicine _xResearch _zUnited States. |
|
| 655 | 7 |
_aElectronic books. _2local |
|
| 710 | 2 | _aebrary, Inc. | |
| 856 | 4 | 0 |
_uhttp://site.ebrary.com/lib/rucke/Doc?id=10055157 _zAn electronic book accessible through the World Wide Web; click to view |
| 999 |
_c166022 _d166022 |
||